[Event "SRI-chB (Women)"]
[Site "Narahenpita"]
[Date "2017.05.19"]
[Round "6"]
[White "Dahampriya, HKT Dewnethmie"]
[Black "Ranasinghe, Shalini"]
[Result "1-0"]
[WhiteElo "1618"]
[BlackElo "1565"]
[PlyCount "37"]
[EventDate "2017.05.12"]
[EventType "swiss"]
[EventRounds "10"]
[EventCountry "SRI"]
[SourceTitle "CBM 178 Extra"]
[Source "ChessBase"]
[SourceDate "2017.06.22"]
[SourceVersion "1"]
[SourceVersionDate "2017.06.22"]
[SourceQuality "1"]

1. e4 e6 2. d4 d5 3. Nc3 Bb4 4. e5 c5 5. a3 Bxc3+ 6. bxc3 Qc7 7. Nf3 Bd7 8. Bd3 Ba4 9. 0-0 Ne7 10. Ng5 g6 11. Qf3 Ng8 12. Rb1 Bc6 13. Qh3 Na6 14. f4 0-0-0 15. g4 c4 16. Be3 h6 17. f5 Qe7 18. fxe6 hxg5 19. Qxh8 1-0

[Event "SRI-chB (Women)"]
[Site "Narahenpita"]
[Date "2017.05.14"]
[Round "4"]
[White "Dahampriya, HKT Dewnethmie"]
[Black "Sanudula, KM Dahamdi"]
[Result "1-0"]
[WhiteElo "1618"]
[BlackElo "1294"]
[PlyCount "55"]
[EventDate "2017.05.12"]
[EventType "swiss"]
[EventRounds "10"]
[EventCountry "SRI"]
[SourceTitle "CBM 178 Extra"]
[Source "ChessBase"]
[SourceDate "2017.06.22"]
[SourceVersion "1"]
[SourceVersionDate "2017.06.22"]
[SourceQuality "1"]

1. e4 d5 2. exd5 Qxd5 3. Nc3 Qa5 4. d4 c6 5. Nf3 Bg4 6. h3 Bxf3 7. Qxf3 Nf6 8. Bc4 e6 9. a3 Bd6 10. Bd2 Qc7 11. 0-0-0 Nbd7 12. Rde1 0-0-0 13. Bg5 h6 14. Bh4 g5 15. Bg3 Bxg3 16. fxg3 Rhf8 17. Ne4 Nxe4 18. Rxe4 Nb6 19. Bb3 Nd5 20. Rf1 Rd7 21. Rxe6 fxe6 22. Qxf8+ Rd8 23. Bxd5 exd5 24. Qxh6 Qxg3 25. Qe6+ Kb8 26. Qe5+ Qxe5 27. dxe5 Rg8 28. Kd2 1-0

[Event "SRI-chB (Women)"]
[Site "Narahenpita"]
[Date "2017.05.14"]
[Round "5"]
[White "Maleesha, Tharuki"]
[Black "Dahampriya, HKT Dewnethmie"]
[Result "0-1"]
[WhiteElo "1207"]
[BlackElo "1618"]
[PlyCount "124"]
[EventDate "2017.05.12"]
[EventType "swiss"]
[EventRounds "10"]
[EventCountry "SRI"]
[SourceTitle "CBM 178 Extra"]
[Source "ChessBase"]
[SourceDate "2017.06.22"]
[SourceVersion "1"]
[SourceVersionDate "2017.06.22"]
[SourceQuality "1"]

1. d4 d5 2. Bf4 Nf6 3. Nf3 e6 4. e3 c5 5. c3 Nc6 6. Bd3 b6 7. Nbd2 Bb7 8. 0-0 Bd6 9. Ne5 Bxe5 10. Bxe5 Nxe5 11. dxe5 Nd7 12. f4 Qc7 13. Qg4 g6 14. Nf3 Nb8 15. Ng5 Nc6 16. h4 0-0-0 17. Rad1 Kb8 18. Bb1 Ba6 19. Rf2 Na5 20. Bd3 Bb7 21. Bb5 a6 22. Ba4 h6 23. Nf3 b5 24. Bb3 Qb6 25. Re2 b4 26. cxb4 Qxb4 27. Bc2 Qxb2 28. Bd3 Qa3 29. Bb1 c4 30. Nd4 Nc6 31. Nc2 Qc5 32. h5 Ne7 33. Nd4 Rhg8 34. Qh4 Nf5 35. Qf6 Qe7 36. Qxe7 Nxe7 37. hxg6 Nxg6 38. Rb2 Kc7 39. a4 Ne7 40. a5 Nc6 41. Nxc6 Bxc6 42. Bc2 Bb5 43. Rdb1 Kc6 44. Kf2 Rg7 45. Kf3 Rdg8 46. Bd1 Rg3+ 47. Kf2 Rxg2+ 48. Ke1 Rg1+ 49. Kd2 R8g2+ 50. Kc3 Rxb2 51. Kxb2 Kc5 52. Kc3 Ba4 53. Kd2 Rxd1+ 54. Rxd1 Bxd1 55. Kxd1 Kb4 56. Kc2 h5 57. f5 h4 58. fxe6 fxe6 59. e4 d4 60. Kd2 h3 61. Ke2 h2 62. Kd2 h1Q 0-1

[Event "Negombo op 2nd"]
[Site "Negombo"]
[Date "2016.08.17"]
[Round "9"]
[White "Dabarera, GWDM"]
[Black "Dahampriya, HKT Dewnethmie"]
[Result "0-1"]
[WhiteElo "1463"]
[BlackElo "1269"]
[PlyCount "88"]
[EventDate "2016.08.13"]
[EventType "swiss"]
[EventRounds "9"]
[EventCountry "SRI"]
[SourceTitle "EXT 2019"]
[Source "ChessBase"]
[SourceDate "2018.10.10"]
[SourceVersion "1"]
[SourceVersionDate "2018.10.10"]
[SourceQuality "1"]

1. e4 c5 2. Nf3 d6 3. d4 cxd4 4. Nxd4 Nf6 5. Nc3 a6 6. Be2 e6 7. Bg5 Be7 8. Qd2 Nbd7 9. h3 b5 10. Nc6 Qb6 11. Nxe7 Kxe7 12. f4 Bb7 13. 0-0-0 Rhd8 14. Rhe1 Nc5 15. Bf3 b4 16. Ne2 Bxe4 17. Nd4 Bxf3 18. gxf3 Rac8 19. Nf5+ Kf8 20. Bxf6 gxf6 21. Nd4 b3 22. axb3 Nxb3+ 23. Nxb3 Qxb3 24. f5 e5 25. Re3 Rxc2+ 26. Qxc2 Qxe3+ 27. Kb1 Qxf3 28. Ka1 Qb7 29. h4 d5 30. Rg1 Qb4 31. h5 d4 32. h6 d3 33. Qd1 d2 34. Kb1 Qd4 35. Rg7 Rc8 36. Ka2 Rc1 37. Qb3 Qc4 38. Qxc4 Rxc4 39. Rxh7 d1Q 40. Rh8+ Ke7 41. b3 Rc2+ 42. Ka3 Qd6+ 43. b4 Rc3+ 44. Ka2 Qd2+ 0-1

[Event "Asian Schools-ch U11 Girls 11th"]
[Site "Singapore"]
[Date "2015.06.01"]
[Round "3.5"]
[White "Dahampriya, HKT Dewnethmie"]
[Black "Femil, Chelladurai"]
[Result "1-0"]
[WhiteElo "1193"]
[BlackElo "1086"]
[PlyCount "106"]
[EventDate "2015.05.31"]
[EventType "swiss"]
[EventRounds "7"]
[EventCountry "SIN"]
[SourceTitle "EXT 2024"]
[Source "ChessBase"]
[SourceDate "2023.10.10"]
[SourceVersion "1"]
[SourceVersionDate "2023.10.10"]
[SourceQuality "1"]

1. e4 e5 2. Nf3 Nc6 3. Bb5 a6 4. Ba4 Nf6 5. 0-0 b5 6. Bb3 Bc5 7. d3 h6 8. Qe2 0-0 9. Be3 Ba7 10. Bxa7 Rxa7 11. Nbd2 d6 12. h3 Nh5 13. Qe3 Nf4 14. Nh2 Qg5 15. g3 Nxh3+ 16. Kh1 Qxe3 17. fxe3 Ng5 18. g4 Be6 19. Bxe6 Nxe6 20. Nhf3 Nb4 21. Rfc1 c5 22. a3 Nc6 23. b3 f6 24. Kg2 Ng5 25. Rh1 b4 26. a4 Ne7 27. Raf1 d5 28. Nxg5 fxg5 29. Rxf8+ Kxf8 30. Rf1+ Kg8 31. exd5 Nxd5 32. Nc4 Re7 33. Kf3 Nc3 34. e4 g6 35. Rh1 Kg7 36. Rh2 Rf7+ 37. Kg3 Re7 38. Ne3 Re6 39. Nc4 Re7 40. Nd6 Na2 41. Kf3 Re6 42. Nc4 Rf6+ 43. Kg3 Re6 44. Ne3 Nc3 45. Nc4 Nd1 46. Rd2 Nc3 47. Rh2 Nb1 48. Ne3 Na3 49. Nd5 Rd6 50. Nc7 a5 51. Ne8+ Kf7 52. Nxd6+ Kg7 53. Nb7 Nxc2 1-0